000 00672nam a2200205Ii 4500
003 JO-AjNU
008 230605s9999||||xx |||||||||||||| ||und||
017 _a2004/9/2248
040 _aJO-AjNU
_bara
_erda
_cJO-AjNU
041 _aara
050 1 4 _aPJ752.A8.Z87 2004
100 3 _aتأليف شعبان،هيام,
_eauthor
_923636
245 0 0 _aالسرد الروائي في أعمال إبراهيم نصر
264 3 1 _aعمان:دار الكندي،2004
300 _a341ص
336 _atext
_btxt
_2rdacontent
337 _aunmediated
_bn
_2rdamedia
338 _avolume
_bnc
_2rdacarrier
650 4 _aالأدب العربي - قصص - تحليل ونقد
_923637
999 _aA8579
_c12147
_d12147